GENERAL KNOWLEDGE-2023 (Record no. 12110)

MARC details
000 -LEADER
fixed length control field 00251nam a22000977a 4500
008 - FIXED-LENGTH DATA ELEMENTS--GENERAL INFORMATION
fixed length control field 221031b |||||||| |||| 00| 0 eng d
020 ## - INTERNATIONAL STANDARD BOOK NUMBER
International Standard Book Number 9789326190725
100 ## - MAIN ENTRY--PERSONAL NAME
Personal name PANDEY MANOHAR
9 (RLIN) 7602
245 ## - TITLE STATEMENT
Title GENERAL KNOWLEDGE-2023
260 ## - PUBLICATION, DISTRIBUTION, ETC. (IMPRINT)
Place of publication, distribution, etc. INDIA
Name of publisher, distributor, etc. ARIHANT
Date of publication, distribution, etc. 2022
Holdings
Withdrawn status Lost status Source of classification or shelving scheme Damaged status Koha normalized classification for sorting Not for loan Home library Current library Shelving location Date acquired Total Checkouts Full call number Barcode Date last seen Price effective from Koha item type
    Dewey Decimal Classification Damaged PAN_080_000000000000000   Good Samaritan School Library Good Samaritan School Library General Knowledge 10/31/2022   PAN080 PAN17301 10/31/2022 10/31/2022 BOOK

Powered by Koha